|
|
|
|
| LEADER |
00000cas a2200000 c 4500 |
| 001 |
518421163 |
| 003 |
DE-627 |
| 005 |
20260207124258.0 |
| 007 |
tu |
| 008 |
061005c19939999gw z| m| 0 |0ger c |
| 016 |
7 |
|
|a 981448208
|2 DE-101
|
| 016 |
7 |
|
|a 2253362-X
|2 DE-600
|
| 035 |
|
|
|a (DE-627)518421163
|
| 035 |
|
|
|a (DE-576)034806717
|
| 035 |
|
|
|a (DE-599)ZDB2253362-X
|
| 035 |
|
|
|a (OCoLC)610671780
|
| 040 |
|
|
|a DE-627
|b ger
|c DE-627
|e rakwb
|
| 041 |
|
|
|a ger
|
| 044 |
|
|
|c XA-DE
|
| 082 |
0 |
4 |
|a 320
|q DE-101
|
| 082 |
0 |
4 |
|a 320
|q DE-600
|
| 245 |
0 |
0 |
|a Agenda Frieden
|
| 264 |
3 |
1 |
|a Münster
|b Agenda-Verl.
|c 1993-
|
| 336 |
|
|
|a Text
|b txt
|2 rdacontent
|
| 337 |
|
|
|a ohne Hilfsmittel zu benutzen
|b n
|2 rdamedia
|
| 338 |
|
|
|a Band
|b nc
|2 rdacarrier
|
| 362 |
0 |
|
|a 1.1993 -
|
| 363 |
0 |
1 |
|a 1
|i 1993
|
| 515 |
|
|
|a 8 doppelt gez.
|
| 655 |
|
7 |
|a Monografische Reihe
|0 (DE-588)4179998-7
|0 (DE-627)104628669
|0 (DE-576)209995106
|2 gnd-content
|
| 787 |
0 |
8 |
|i 3=4; 10=5; 16=6 von
|a Arbeitskreis Frieden in Forschung und Lehre an Fachhochschulen
|t Jahrbuch ... des Arbeitskreises Frieden in Forschung und Lehre an Fachhochschulen
|d Münster : Lit-Verl., 1993
|w (DE-627)182561704
|w (DE-600)1216540-2
|w (DE-576)045289360
|
| 889 |
|
|
|w (DE-603)186500599
|
| 889 |
|
|
|w (DE-627)1871364582
|
| 935 |
|
|
|i sdedup20221114
|
| 936 |
s |
n |
|a m100
|2 mzub
|
| 951 |
|
|
|a ST
|
| ELC |
|
|
|b 1
|
| LOK |
|
|
|0 000 xxxxxcx a22 zn 4500
|
| LOK |
|
|
|0 001 2471158846
|
| LOK |
|
|
|0 003 DE-627
|
| LOK |
|
|
|0 004 518421163
|
| LOK |
|
|
|0 005 20020423000000
|
| LOK |
|
|
|0 008 020423||||||||||||||||ger|||||||
|
| LOK |
|
|
|0 040
|a DE-21-110
|c DE-627
|d DE-21-110
|
| LOK |
|
|
|0 852
|a DE-21-110
|
| LOK |
|
|
|0 852 1
|m p
|9 00
|
| LOK |
|
|
|0 935
|a k110
|
| LOK |
|
|
|0 938
|k p
|
| LOK |
|
|
|0 939
|a 23-04-02
|b l01
|
| ORI |
|
|
|a SA-MARC-krimdoka001.raw
|
| SPR |
|
|
|a 1
|t KRI
|